000 00622nam a2200169Ia 4500
008 151213s9999 xx 000 0 und d
020 _a984-8541-00-4
100 _aঅধ্যাপক এম ফারুক খান ।
245 _aবাংলাদেশের ভূমি আইন
_cঅধ্যাপক এম ফারুক খান ।
250 _a১ম
260 _aঢাকা
_bড্ইানামিক পাবলিকেশন্স
_c2007
300 _a5100 p.
650 _aLaw
650 _aLaw
700 _aঅধ্যাপক এম ফারুক খান ।
999 _c3148
_d3148